[Event "SVK-chT2D 2223"]
[Site "Slovakia"]
[Date "2022.11.12"]
[Round "3.1"]
[White "Turzak, Milan1111"]
[Black "Koval, Anton"]
[Result "1/2-1/2"]
[WhiteElo "1967"]
[BlackElo "1999"]
[PlyCount "27"]
[EventDate "2022.10.08"]
[EventType "team-tourn"]
[EventRounds "11"]
[EventCountry "SVK"]
[SourceTitle "EXT 2024"]
[Source "ChessBase"]
[SourceDate "2023.10.10"]
[SourceVersion "1"]
[SourceVersionDate "2023.10.10"]
[SourceQuality "1"]
[WhiteTeam "Gelnica Slovan"]
[BlackTeam "Bardejov BSK"]
[WhiteTeamCountry "SVK"]
[BlackTeamCountry "SVK"]

1. e4 c5 2. Nc3 e6 3. g3 Nc6 4. Bg2 g6 5. Nge2 Bg7 6. d3 Nge7 7. Be3 d6 8. 0-0 0-0 9. Qd2 Nd4 10. Nd1 Rb8 11. c3 Nxe2+ 12. Qxe2 b5 13. f4 Qc7 14. h4 1/2-1/2

[Event "SVK-chT1E 2122"]
[Site "Slovakia"]
[Date "2022.05.15"]
[Round "11.6"]
[White "Koval, Anton"]
[Black "Dlabik, Jozef"]
[Result "0-1"]
[WhiteElo "2024"]
[BlackElo "1924"]
[PlyCount "106"]
[EventDate "2022.01.29"]
[EventType "team-tourn"]
[EventRounds "11"]
[EventCountry "SVK"]
[SourceTitle "EXT 2023"]
[Source "ChessBase"]
[SourceDate "2022.10.05"]
[SourceVersion "1"]
[SourceVersionDate "2022.10.05"]
[SourceQuality "1"]
[WhiteTeam "Bardejov"]
[BlackTeam "Dunajov Inbest II"]
[WhiteTeamCountry "SVK"]
[BlackTeamCountry "SVK"]

1. e4 c5 2. Nf3 g6 3. g3 Bg7 4. Bg2 Nc6 5. 0-0 d6 6. c3 e5 7. d3 Nge7 8. Be3 0-0 9. Na3 h6 10. Qd2 Kh7 11. Ne1 Be6 12. f4 f5 13. Nf3 exf4 14. gxf4 Qd7 15. Qf2 Rae8 16. Qh4 Kg8 17. Nc2 c4 18. dxc4 Bxc4 19. Rf2 fxe4 20. Nd2 Bd3 21. Ne1 Nf5 22. Qh3 Qe6 23. a3 Ba6 24. Nc2 Nxe3 25. Qxe6+ Rxe6 26. Nxe3 Bd3 27. Re1 Ne7 28. Nb3 Ref6 29. Nd4 Rxf4 30. Rxf4 Rxf4 31. Ne6 Rf7 32. Nxg7 Kxg7 33. c4 Nf5 34. Nd5 e3 35. Nxe3 Nxe3 36. Rxe3 Bxc4 37. Rc3 Ba6 38. b4 Bb5 39. Bd5 Re7 40. Bb3 Bc6 41. Kf2 Re5 42. Rd3 d5 43. a4 a6 44. Rc3 d4 45. Rd3 Re4 46. Bd1 Rf4+ 47. Kg3 g5 48. Rd2 Kf6 49. Rb2 Rf1 50. Bb3 h5 51. h3 Rf3+ 52. Kh2 g4 53. hxg4 hxg4 0-1

[Event "SVK-chT1E 2122"]
[Site "Slovakia"]
[Date "2022.04.24"]
[Round "9.3"]
[White "Koval, Anton"]
[Black "Niedbala, Bartlomiej"]
[Result "0-1"]
[WhiteElo "2024"]
[BlackElo "2384"]
[PlyCount "88"]
[EventDate "2022.01.29"]
[EventType "team-tourn"]
[EventRounds "11"]
[EventCountry "SVK"]
[SourceTitle "EXT 2023"]
[Source "ChessBase"]
[SourceDate "2022.10.05"]
[SourceVersion "1"]
[SourceVersionDate "2022.10.05"]
[SourceQuality "1"]
[WhiteTeam "Bardejov"]
[BlackTeam "Cadca"]
[WhiteTeamCountry "SVK"]
[BlackTeamCountry "SVK"]

1. e4 c5 2. Nf3 d6 3. d4 cxd4 4. Nxd4 Nf6 5. Nc3 a6 6. a4 g6 7. Be2 Bg7 8. 0-0 0-0 9. Be3 Nc6 10. Kh1 Bd7 11. f4 Rc8 12. Nxc6 Bxc6 13. Bf3 Nd7 14. Bd4 e5 15. fxe5 Nxe5 16. Nd5 Bxd5 17. exd5 Nc4 18. Bxg7 Kxg7 19. b3 Ne5 20. c4 Qb6 21. Rb1 Rfe8 22. Qd2 a5 23. Qf2 Qxf2 24. Rxf2 Nd3 25. Re2 Nc5 26. Kg1 Rxe2 27. Bxe2 Re8 28. Bf1 Re3 29. b4 axb4 30. Rxb4 Kf6 31. Rb2 Ke5 32. Ra2 f5 33. g3 g5 34. a5 h6 35. Kf2 f4 36. gxf4+ gxf4 37. Kg1 f3 38. Kf2 Kf4 39. Kg1 Rb3 40. Ra1 Rb2 41. Rd1 Ne4 42. Rc1 Ra2 43. Bd3 Rg2+ 44. Kf1 Rxh2 0-1

[Event "SVK-chT1E 2122"]
[Site "Slovakia"]
[Date "2022.04.23"]
[Round "8.3"]
[White "Pacher, Milan"]
[Black "Koval, Anton"]
[Result "1-0"]
[WhiteElo "2394"]
[BlackElo "2024"]
[PlyCount "43"]
[EventDate "2022.01.29"]
[EventType "team-tourn"]
[EventRounds "11"]
[EventCountry "SVK"]
[SourceTitle "EXT 2023"]
[Source "ChessBase"]
[SourceDate "2022.10.05"]
[SourceVersion "1"]
[SourceVersionDate "2022.10.05"]
[SourceQuality "1"]
[WhiteTeam "Dunajov Inbest"]
[BlackTeam "Bardejov"]
[WhiteTeamCountry "SVK"]
[BlackTeamCountry "SVK"]

1. e4 c5 2. Nf3 e6 3. d4 cxd4 4. Nxd4 a6 5. Bd3 Nc6 6. Nxc6 bxc6 7. 0-0 d5 8. Nd2 Nf6 9. b3 g6 10. a4 Bg7 11. Ba3 Bb7 12. Qe2 Nd7 13. exd5 cxd5 14. Rad1 Qb6 15. c4 Nc5 16. cxd5 Bxd5 17. Qe3 Nd7 18. Qg5 Nf6 19. Ne4 Bxe4 20. Bxe4 h6 21. Qe5 Nh5 22. a5 1-0

[Event "SVK-chT1E 2122"]
[Site "Slovakia"]
[Date "2022.02.13"]
[Round "3.3"]
[White "Koval, Anton"]
[Black "Sepesi, Samuel"]
[Result "0-1"]
[WhiteElo "2024"]
[BlackElo "2136"]
[PlyCount "104"]
[EventDate "2022.01.29"]
[EventType "team-tourn"]
[EventRounds "11"]
[EventCountry "SVK"]
[SourceTitle "EXT 2023"]
[Source "ChessBase"]
[SourceDate "2022.10.05"]
[SourceVersion "1"]
[SourceVersionDate "2022.10.05"]
[SourceQuality "1"]
[WhiteTeam "Bardejov"]
[BlackTeam "Humenne Reinter II"]
[WhiteTeamCountry "SVK"]
[BlackTeamCountry "SVK"]

1. e4 c5 2. Nf3 Nc6 3. g3 g6 4. Bg2 Bg7 5. 0-0 d6 6. c3 e5 7. Na3 Nge7 8. d3 0-0 9. Ng5 h6 10. Nh3 Be6 11. f4 f5 12. Be3 b6 13. Qd2 Kh7 14. Nc2 Qd7 15. Nf2 d5 16. Qe2 fxe4 17. dxe4 d4 18. Bd2 d3 19. Nxd3 Rad8 20. Nce1 c4 21. f5 cxd3 22. fxg6+ Nxg6 23. Qe3 Qe7 24. Rxf8 Bxf8 25. Kh1 Na5 26. b3 Qc5 27. Qxc5 bxc5 28. c4 Nc6 29. Bf1 Rd4 30. Bxd3 Nb4 31. Bxb4 cxb4 32. Kg2 Bc5 33. Rd1 Bg4 34. Nf3 Rd6 35. Be2 Rxd1 36. Bxd1 Kg7 37. Be2 Kf6 38. h3 Bd7 39. Ne1 Bc6 40. Bf3 Nf8 41. Nd3 Ne6 42. h4 a5 43. Kf1 Ba8 44. Bg2 Bc6 45. Bf3 Bd4 46. Bg2 Nc5 47. Nxc5 Bxc5 48. Ke2 a4 49. Bf3 a3 50. Kd3 Bf2 51. h5 Bxg3 52. Bd1 Bf2 0-1

[Event "SVK-chT1E 1920"]
[Site "Slovakia"]
[Date "2020.06.20"]
[Round "10.3"]
[White "Kukucka, Matej"]
[Black "Koval, Anton"]
[Result "1/2-1/2"]
[WhiteElo "2104"]
[BlackElo "2060"]
[PlyCount "65"]
[EventDate "2019.10.12"]
[EventType "team-tourn"]
[EventRounds "11"]
[EventCountry "SVK"]
[SourceTitle "EXT 2022"]
[Source "ChessBase"]
[SourceDate "2021.10.06"]
[SourceVersion "1"]
[SourceVersionDate "2021.10.06"]
[SourceQuality "1"]
[WhiteTeam "Kysucke Nove Mesto"]
[BlackTeam "Bardejov"]
[WhiteTeamCountry "SVK"]
[BlackTeamCountry "SVK"]

1. d4 d5 2. c4 e6 3. Nc3 Be7 4. Nf3 Nf6 5. Bg5 h6 6. Bxf6 Bxf6 7. e3 b6 8. Qc2 Bb7 9. cxd5 exd5 10. Bd3 0-0 11. 0-0 Na6 12. a3 c5 13. Rad1 cxd4 14. exd4 Nc7 15. Ne5 Ne6 16. f4 Qe7 17. Qf2 Rfd8 18. Ne2 Nf8 19. Kh1 Rac8 20. Ng1 g6 21. Ngf3 Rc7 22. g4 Bc8 23. Qg3 Bg7 24. g5 hxg5 25. fxg5 Qd6 26. Bb1 Nd7 27. Rde1 Nxe5 28. Nxe5 Be6 29. Qd3 Bxe5 30. Rxe5 Rdc8 31. Qe3 Rc6 32. Qf4 Qe7 33. Qf2 1/2-1/2

[Event "SVK-chT1E 1920"]
[Site "Slovakia"]
[Date "2019.11.09"]
[Round "3.4"]
[White "Gyerpal, Adrian"]
[Black "Koval, Anton"]
[Result "1-0"]
[WhiteElo "2081"]
[BlackElo "2063"]
[PlyCount "57"]
[EventDate "2019.10.12"]
[EventType "team-tourn"]
[EventRounds "11"]
[EventCountry "SVK"]
[SourceTitle "CBM 193 Extra"]
[Source "ChessBase"]
[SourceDate "2020.01.31"]
[SourceVersion "1"]
[SourceVersionDate "2020.01.31"]
[SourceQuality "1"]
[WhiteTeam "Banska Bystrica Junior"]
[BlackTeam "Bardejov"]
[WhiteTeamCountry "SVK"]
[BlackTeamCountry "SVK"]

1. d4 d5 2. c4 e6 3. Nf3 Nf6 4. g3 Be7 5. Bg2 0-0 6. 0-0 b6 7. cxd5 exd5 8. Nc3 Bb7 9. Ne5 Nbd7 10. Qa4 Nb8 11. Rd1 h6 12. Bf4 Bd6 13. Rac1 a6 14. Qb3 Be7 15. a3 g5 16. Be3 Kg7 17. f4 g4 18. Bf2 Qd6 19. Qc2 Nbd7 20. Qf5 Qe6 21. Qc2 Rac8 22. e4 dxe4 23. d5 Bxd5 24. Nxd5 Nxd5 25. Nxd7 Qxd7 26. Bxe4 c6 27. Bf5 Qc7 28. Bxc8 Rxc8 29. Rxd5 1-0

[Event "Tatry op"]
[Site "Tatranske Zruby"]
[Date "2019.10.03"]
[Round "7"]
[White "Koval, Anton"]
[Black "Motuz, Karol"]
[Result "1/2-1/2"]
[WhiteElo "2019"]
[BlackElo "2359"]
[PlyCount "76"]
[EventDate "2019.09.28"]
[EventType "swiss"]
[EventRounds "9"]
[EventCountry "SVK"]
[SourceTitle "EXT 2020"]
[Source "ChessBase"]
[SourceDate "2019.10.17"]
[SourceVersion "1"]
[SourceVersionDate "2019.10.17"]
[SourceQuality "1"]

1. e4 e6 2. d4 d5 3. Nd2 Be7 4. Ngf3 Nf6 5. Bd3 c5 6. dxc5 0-0 7. 0-0 Bxc5 8. exd5 exd5 9. Nb3 Bb6 10. c3 Nc6 11. Bg5 h6 12. Bh4 g5 13. Bg3 Ne4 14. Nfd4 f5 15. f3 Nxg3 16. hxg3 Qf6 17. Bc2 Bd7 18. Qd2 Ne5 19. Rae1 Nc4 20. Qc1 f4 21. g4 a5 22. Rf2 Rfe8 23. Nd2 Rxe1+ 24. Qxe1 Nxb2 25. Qb1 Na4 26. Bxa4 Bxa4 27. N2b3 Be8 28. Rd2 Bg6 29. Qf1 Rc8 30. Qb5 Qc6 31. Kh2 Qxb5 32. Nxb5 a4 33. N3d4 Rc5 34. Re2 Bd3 35. Re8+ Kh7 36. Re7+ Kg8 37. Re8+ Kh7 38. Re7+ Kg8 1/2-1/2

[Event "Tatry op"]
[Site "Tatranske Zruby"]
[Date "2019.10.01"]
[Round "5"]
[White "Koval, Anton"]
[Black "Havran, Jozef"]
[Result "1-0"]
[WhiteElo "2019"]
[BlackElo "1717"]
[PlyCount "79"]
[EventDate "2019.09.28"]
[EventType "swiss"]
[EventRounds "9"]
[EventCountry "SVK"]
[SourceTitle "EXT 2020"]
[Source "ChessBase"]
[SourceDate "2019.10.17"]
[SourceVersion "1"]
[SourceVersionDate "2019.10.17"]
[SourceQuality "1"]

1. e4 e5 2. Nf3 Nf6 3. Nxe5 d6 4. Nf3 Nxe4 5. d4 d5 6. Bd3 Nc6 7. 0-0 Be7 8. c3 Nf6 9. Re1 0-0 10. Nbd2 Re8 11. Nf1 Bf8 12. Bg5 Rxe1 13. Qxe1 Be6 14. Ng3 h6 15. Bd2 Na5 16. b3 c5 17. dxc5 Rc8 18. Nd4 Bd7 19. b4 Nc4 20. Bxc4 dxc4 21. Rd1 Qc7 22. Qe2 b5 23. h3 Qb7 24. Qf3 Qxf3 25. Nxf3 Bc6 26. Nd4 Nd5 27. Nxc6 Rxc6 28. Nf5 h5 29. Nd4 Ra6 30. Ra1 Nc7 31. g3 Be7 32. Bf4 Ne6 33. Nxb5 Nxf4 34. gxf4 Bf6 35. a4 Kf8 36. a5 Ke7 37. Nc7 Rc6 38. Nd5+ Ke6 39. Nxf6 Kxf6 40. Rd1 1-0

[Event "SVK-chT1E 1819"]
[Site "Slovakia"]
[Date "2019.02.24"]
[Round "9.3"]
[White "Koval, Anton"]
[Black "Haring, Filip"]
[Result "0-1"]
[WhiteElo "2031"]
[BlackElo "2289"]
[PlyCount "110"]
[EventDate "2018.10.27"]
[EventType "team-tourn"]
[EventRounds "11"]
[EventCountry "SVK"]
[SourceTitle "CBM 189 Extra"]
[Source "ChessBase"]
[SourceDate "2019.06.03"]
[SourceVersion "1"]
[SourceVersionDate "2019.06.03"]
[SourceQuality "1"]
[WhiteTeam "Bardejov"]
[BlackTeam "Banska Bystrica Junior"]
[WhiteTeamCountry "SVK"]
[BlackTeamCountry "SVK"]

1. e4 c5 2. Nf3 Nc6 3. Nc3 e6 4. d4 cxd4 5. Nxd4 Qc7 6. Be3 a6 7. Be2 Nf6 8. 0-0 Bb4 9. f3 0-0 10. Nxc6 bxc6 11. Qd3 d5 12. Na4 Bd6 13. h3 Nh5 14. Rfd1 f5 15. exd5 exd5 16. c4 Re8 17. f4 Nxf4 18. Bxf4 Bxf4 19. cxd5 cxd5 20. Bf3 Rb8 21. Bxd5+ Kh8 22. b3 Bd7 23. Nb2 Re3 24. Qc4 Bh2+ 25. Kh1 Qg3 26. Qd4 f4 27. Nc4 Re2 28. Rd3 f3 29. Bxf3 Bxh3 30. Qd8+ Re8 31. Qd6 Bf5 32. Qxg3 Bxg3 33. Re3 g5 34. Bc6 Rxe3 35. Nxe3 Be6 36. Rd1 Rb4 37. Kg1 Kg7 38. Bf3 Kg6 39. Nd5 Rb8 40. Be4+ Kg7 41. Rd3 Bd6 42. Rc3 Bd7 43. Ne3 Bf4 44. Kf2 Rf8 45. Nd5 Be5+ 46. Rf3 Bd4+ 47. Kg3 Re8 48. Bc2 Bb5 49. Nc3 Bc6 50. Rd3 Be5+ 51. Kg4 h6 52. Ne4 Rf8 53. g3 Be8 54. Nd6 Bd7+ 55. Kh5 Rf2 0-1

[Event "SVK-chT1E 1718"]
[Site "Slovakia"]
[Date "2018.02.18"]
[Round "9.5"]
[White "Koval, Anton"]
[Black "Mnich, Jozef"]
[Result "1/2-1/2"]
[WhiteElo "2053"]
[BlackElo "2009"]
[PlyCount "48"]
[EventDate "2017.10.21"]
[EventType "team-tourn"]
[EventRounds "11"]
[EventCountry "SVK"]
[SourceTitle "EXT 2019"]
[Source "ChessBase"]
[SourceDate "2018.10.10"]
[SourceVersion "1"]
[SourceVersionDate "2018.10.10"]
[SourceQuality "1"]
[WhiteTeam "Bardejov"]
[BlackTeam "Presov Tatran"]
[WhiteTeamCountry "SVK"]
[BlackTeamCountry "SVK"]

1. e4 e6 2. d4 d5 3. Nd2 dxe4 4. Nxe4 Nd7 5. Nf3 Ngf6 6. Nxf6+ Nxf6 7. Bd3 Be7 8. 0-0 0-0 9. Qe2 b6 10. Bg5 Bb7 11. Rad1 h6 12. Bc1 Qd5 13. c4 Qh5 14. Ne5 Qxe2 15. Bxe2 c5 16. Be3 cxd4 17. Bxd4 Rfd8 18. Be3 Rac8 19. Rxd8+ Rxd8 20. Rd1 Rxd1+ 21. Bxd1 Bd6 22. Bd4 Kf8 23. Ba4 Ke7 24. h3 Ne4 1/2-1/2

[Event "SVK-chT1E 1718"]
[Site "Slovakia"]
[Date "2018.02.17"]
[Round "8.5"]
[White "Kriz, Mario"]
[Black "Koval, Anton"]
[Result "1-0"]
[WhiteElo "2146"]
[BlackElo "2053"]
[PlyCount "75"]
[EventDate "2017.10.21"]
[EventType "team-tourn"]
[EventRounds "11"]
[EventCountry "SVK"]
[SourceTitle "EXT 2019"]
[Source "ChessBase"]
[SourceDate "2018.10.10"]
[SourceVersion "1"]
[SourceVersionDate "2018.10.10"]
[SourceQuality "1"]
[WhiteTeam "Sabinov"]
[BlackTeam "Bardejov"]
[WhiteTeamCountry "SVK"]
[BlackTeamCountry "SVK"]

1. e4 Nf6 2. e5 Nd5 3. d4 d6 4. Bc4 c6 5. exd6 Qxd6 6. Nc3 Nd7 7. Nge2 N7f6 8. Bg5 g6 9. Qd2 h6 10. Bh4 Bg7 11. Bg3 Qb4 12. Bb3 Nxc3 13. bxc3 Qa5 14. Be5 Bd7 15. 0-0 0-0 16. f3 Nd5 17. Nf4 Nxf4 18. Bxf4 Kh7 19. Rfe1 e6 20. Be5 Rad8 21. Bxg7 Kxg7 22. Re5 Qb6 23. c4 Bc8 24. c5 Qc7 25. Rae1 b6 26. Qe3 b5 27. c3 a5 28. h4 a4 29. Bc2 Rd5 30. f4 Rxe5 31. fxe5 h5 32. Rf1 Qe7 33. Rf6 Bd7 34. Qg5 Kh8 35. Qh6+ Kg8 36. Bxg6 fxg6 37. Rxg6+ Kf7 38. Rg7+ 1-0

[Event "SVK-chT1E 1718"]
[Site "Slovakia"]
[Date "2017.11.05"]
[Round "4.7"]
[White "Svrcek, Martin"]
[Black "Koval, Anton"]
[Result "1-0"]
[WhiteElo "2074"]
[BlackElo "2053"]
[PlyCount "83"]
[EventDate "2017.10.21"]
[EventType "team-tourn"]
[EventRounds "11"]
[EventCountry "SVK"]
[SourceTitle "CBM 181 Extra"]
[Source "ChessBase"]
[SourceDate "2017.12.12"]
[SourceVersion "1"]
[SourceVersionDate "2017.12.12"]
[SourceQuality "1"]
[WhiteTeam "Kysucke Nove Mesto"]
[BlackTeam "Bardejov"]
[WhiteTeamCountry "SVK"]
[BlackTeamCountry "SVK"]

1. d4 Nf6 2. e3 d6 3. Nf3 g6 4. Bd3 Bg7 5. 0-0 0-0 6. c4 c5 7. Nc3 Nc6 8. h3 e5 9. d5 Ne7 10. a3 a6 11. Rb1 Nd7 12. e4 f5 13. b4 b6 14. Bd2 h6 15. Qc2 f4 16. Nh2 g5 17. Be2 Nf6 18. Rb2 Bd7 19. Rfb1 Qc8 20. bxc5 bxc5 21. f3 h5 22. Na4 Bxa4 23. Qxa4 g4 24. hxg4 hxg4 25. Nxg4 Nxg4 26. fxg4 Ng6 27. Rb6 Nh4 28. R1b3 Qd8 29. Qc6 Rf6 30. Be1 Ng6 31. Rxa6 Rxa6 32. Qxa6 Bf8 33. g5 Rf7 34. Bg4 Rh7 35. Qc8 Qxg5 36. Qe6+ Kh8 37. Qf5 Qxf5 38. Bxf5 Rh6 39. Rb8 Kg7 40. a4 Ne7 41. a5 Nxf5 42. exf5 1-0

[Event "SVK-chT1E 1617"]
[Site "Slovakia"]
[Date "2017.02.26"]
[Round "9.4"]
[White "Hros, Roman"]
[Black "Koval, Anton"]
[Result "1-0"]
[WhiteElo "2188"]
[BlackElo "2074"]
[PlyCount "61"]
[EventDate "2016.10.15"]
[EventType "team-tourn"]
[EventRounds "11"]
[EventCountry "SVK"]
[SourceTitle "EXT 2018"]
[Source "ChessBase"]
[SourceDate "2017.10.13"]
[SourceVersion "1"]
[SourceVersionDate "2017.10.13"]
[SourceQuality "1"]
[WhiteTeam "Liptov Chess School II"]
[BlackTeam "Bardejov"]
[WhiteTeamCountry "SVK"]
[BlackTeamCountry "SVK"]

1. Nf3 Nf6 2. c4 e6 3. b3 b6 4. g3 Bb7 5. Bg2 Be7 6. Bb2 0-0 7. 0-0 c5 8. e3 Nc6 9. Qe2 d5 10. d3 Qc7 11. Ne1 Rad8 12. f4 Rd7 13. g4 dxc4 14. bxc4 Rfd8 15. a3 Na5 16. Bxb7 Qxb7 17. g5 Ne8 18. Rf3 Bf8 19. Rh3 g6 20. Qf2 Bg7 21. Bxg7 Nxg7 22. Nc3 f5 23. gxf6 Nh5 24. Ne4 Rf7 25. Qh4 Qc7 26. Ra2 Rdf8 27. Rg2 Kh8 28. Nf3 Nxf6 29. Ne5 Qxe5 30. fxe5 Nxe4 31. Rc2 1-0

[Event "SVK-chT1E 1617"]
[Site "Slovakia"]
[Date "2017.02.25"]
[Round "8.4"]
[White "Koval, Anton"]
[Black "Hrnciar, Roman"]
[Result "0-1"]
[WhiteElo "2074"]
[BlackElo "2025"]
[PlyCount "63"]
[EventDate "2016.10.15"]
[EventType "team-tourn"]
[EventRounds "11"]
[EventCountry "SVK"]
[SourceTitle "EXT 2018"]
[Source "ChessBase"]
[SourceDate "2017.10.13"]
[SourceVersion "1"]
[SourceVersionDate "2017.10.13"]
[SourceQuality "1"]
[WhiteTeam "Bardejov"]
[BlackTeam "Liptovska Stiavnica"]
[WhiteTeamCountry "SVK"]
[BlackTeamCountry "SVK"]

1. e4 Nf6 2. e5 Nd5 3. d4 d6 4. c4 Nb6 5. Nf3 g6 6. exd6 exd6 7. Bg5 f6 8. Be3 Bg7 9. Be2 Nc6 10. 0-0 0-0 11. Nc3 Ne7 12. Qb3 Be6 13. d5 Bf7 14. Nd4 Qd7 15. a4 c5 16. dxc6 bxc6 17. a5 Nbc8 18. Bf3 Qc7 19. Qa4 Rb8 20. Nxc6 Nxc6 21. Bxc6 Rxb2 22. Nd5 Bxd5 23. Bxd5+ Kh8 24. Bd4 Rb8 25. Rab1 Ne7 26. Rxb8 Rxb8 27. Re1 h5 28. h3 Nxd5 29. cxd5 Kh7 30. Qa1 f5 31. Bf6 Qf7 32. Re7 0-1

[Event "SVK-chT1E 1617"]
[Site "Slovakia"]
[Date "2016.10.16"]
[Round "2.5"]
[White "Korytko, Peter"]
[Black "Koval, Anton"]
[Result "1/2-1/2"]
[WhiteElo "2055"]
[BlackElo "2074"]
[PlyCount "42"]
[EventDate "2016.10.15"]
[EventType "team-tourn"]
[EventRounds "11"]
[EventCountry "SVK"]
[SourceTitle "CBM 175 Extra"]
[Source "ChessBase"]
[SourceDate "2016.12.12"]
[SourceVersion "1"]
[SourceVersionDate "2016.12.12"]
[SourceQuality "1"]
[WhiteTeam "Margecany Eltra"]
[BlackTeam "Bardejov"]
[WhiteTeamCountry "SVK"]
[BlackTeamCountry "SVK"]

1. e4 c5 2. Nc3 Nc6 3. d3 g6 4. g3 Bg7 5. Be3 d6 6. Qd2 Nd4 7. Bg2 e6 8. h4 h5 9. Nd1 Ne7 10. c3 Ndc6 11. Ne2 Ne5 12. f3 c4 13. d4 Nd3+ 14. Kf1 d5 15. Nf2 Nxf2 16. Kxf2 b6 17. Rhf1 Bb7 18. Rae1 0-0 19. Bh6 Kh7 20. Bxg7 Kxg7 21. e5 Nf5 1/2-1/2

[Event "SVK-chT1E 1516"]
[Site "Slovakia"]
[Date "2016.03.19"]
[Round "10.1"]
[White "Koval, Anton"]
[Black "Pechac, Jergus"]
[Result "0-1"]
[WhiteElo "2131"]
[BlackElo "2491"]
[PlyCount "92"]
[EventDate "2015.10.24"]
[EventType "team-tourn"]
[EventRounds "11"]
[EventCountry "SVK"]
[SourceTitle "EXT 2017"]
[Source "ChessBase"]
[SourceDate "2016.10.25"]
[SourceVersion "1"]
[SourceVersionDate "2016.10.25"]
[SourceQuality "1"]
[WhiteTeam "Bardejov"]
[BlackTeam "Zilina Mladost"]
[WhiteTeamCountry "SVK"]
[BlackTeamCountry "SVK"]

1. e4 c5 2. Nf3 e6 3. d4 cxd4 4. Nxd4 a6 5. c4 Nf6 6. Bd3 Nc6 7. Nxc6 dxc6 8. 0-0 e5 9. Nc3 Be6 10. Qe2 Qc7 11. a3 Be7 12. h3 h5 13. Be3 h4 14. c5 g5 15. Bxg5 Nh5 16. Be3 0-0-0 17. Bc4 Rdg8 18. Bxe6+ fxe6 19. Qf3 Bg5 20. Kh1 Rf8 21. Qe2 Bf4 22. Rg1 Qf7 23. Bxf4 Nxf4 24. Qf3 Rh6 25. Nd1 Qg7 26. Ne3 Rg6 27. Ng4 Nxh3 28. Qxh3 Rxg4 29. f3 Rg3 30. Qxe6+ Kb8 31. Rad1 h3 32. gxh3 Rfxf3 33. Rxg3 Qxg3 34. Qg4 Qxh3+ 35. Qxh3 Rxh3+ 36. Kg2 Re3 37. Kf2 Rxe4 38. Kf3 Rc4 39. b4 a5 40. Rb1 Ka7 41. Ke3 Ka6 42. Kd3 Rd4+ 43. Kc3 axb4+ 44. axb4 Kb5 45. Re1 Rc4+ 46. Kd3 e4+ 0-1

[Event "SVK-chT1E 1516"]
[Site "Slovakia"]
[Date "2015.11.14"]
[Round "3.3"]
[White "Zatko, Gregor"]
[Black "Koval, Anton"]
[Result "1-0"]
[WhiteElo "2142"]
[BlackElo "2131"]
[PlyCount "71"]
[EventDate "2015.10.24"]
[EventType "team-tourn"]
[EventRounds "11"]
[EventCountry "SVK"]
[SourceTitle "CBM 169 Extra"]
[Source "ChessBase"]
[SourceDate "2015.12.18"]
[SourceVersion "1"]
[SourceVersionDate "2015.12.18"]
[SourceQuality "1"]
[WhiteTeam "Banska Bystrica Junior"]
[BlackTeam "Bardejov"]
[WhiteTeamCountry "SVK"]
[BlackTeamCountry "SVK"]

1. d4 Nf6 2. Bg5 d5 3. Bxf6 exf6 4. e3 Bd6 5. c4 dxc4 6. Bxc4 0-0 7. Nf3 c5 8. d5 Bg4 9. Nc3 a6 10. a4 Nd7 11. Be2 Qe7 12. 0-0 Ne5 13. Nd2 Bxe2 14. Qxe2 f5 15. g3 Rfe8 16. Kg2 Rad8 17. Rad1 Qf6 18. f4 Ng6 19. Nc4 Bb8 20. a5 Nf8 21. Qf3 Nd7 22. Rfe1 b5 23. axb6 Nxb6 24. Na5 Rd7 25. e4 fxe4 26. Rxe4 Rxe4 27. Qxe4 Re7 28. Qd3 Nd7 29. Nc6 Re8 30. Rd2 Qg6 31. Re2 Rxe2+ 32. Qxe2 Bd6 33. Qe8+ Nf8 34. Ne4 Qf5 35. Nxd6 Qxd5+ 36. Ne4 1-0

[Event "Tatry op"]
[Site "Tatranske Zruby"]
[Date "2015.10.03"]
[Round "9"]
[White "Svrcek, Martin"]
[Black "Koval, Anton"]
[Result "1-0"]
[WhiteElo "1984"]
[BlackElo "2137"]
[PlyCount "63"]
[EventDate "2015.09.26"]
[EventType "swiss"]
[EventRounds "9"]
[EventCountry "SVK"]
[SourceTitle "CBM 168 Extra"]
[Source "ChessBase"]
[SourceDate "2015.10.29"]
[SourceVersion "1"]
[SourceVersionDate "2015.10.29"]
[SourceQuality "1"]

1. d4 Nf6 2. e3 e6 3. Bd3 c5 4. c3 Nc6 5. f4 b6 6. Nf3 Bb7 7. 0-0 d6 8. e4 cxd4 9. cxd4 Qc7 10. Nc3 a6 11. Re1 0-0-0 12. Qe2 Nb4 13. Bb1 d5 14. e5 Ne8 15. Bd2 Qd7 16. a3 Nc6 17. Na4 Qc7 18. b4 b5 19. Nc5 Bxc5 20. bxc5 Qd7 21. Bd3 Nc7 22. Reb1 f6 23. a4 fxe5 24. Nxe5 Nxe5 25. fxe5 Bc6 26. Ba5 Qf7 27. axb5 Nxb5 28. Bxd8 Nc3 29. Qb2 Nxb1 30. Bxa6+ Kxd8 31. Qb8+ Kd7 32. Qd6+ 1-0

[Event "Tatry op"]
[Site "Tatranske Zruby"]
[Date "2015.10.02"]
[Round "8"]
[White "Koval, Anton"]
[Black "Vyskocil, Neklan"]
[Result "0-1"]
[WhiteElo "2137"]
[BlackElo "2370"]
[PlyCount "54"]
[EventDate "2015.09.26"]
[EventType "swiss"]
[EventRounds "9"]
[EventCountry "SVK"]
[SourceTitle "CBM 168 Extra"]
[Source "ChessBase"]
[SourceDate "2015.10.29"]
[SourceVersion "1"]
[SourceVersionDate "2015.10.29"]
[SourceQuality "1"]

1. e4 c5 2. Nf3 d6 3. g3 Nc6 4. Bg2 Nf6 5. Qe2 e5 6. c3 g6 7. 0-0 Bg7 8. d3 0-0 9. Na3 h6 10. Nc2 Qe7 11. Ne3 Be6 12. Ne1 Qd7 13. f4 exf4 14. gxf4 Bh3 15. f5 Bxg2 16. Qxg2 Kh7 17. Qh3 Rad8 18. Ng4 Nxg4 19. Qxg4 gxf5 20. Qxf5+ Qxf5 21. Rxf5 Ne7 22. Rh5 f5 23. exf5 Nxf5 24. Ng2 Rde8 25. Bd2 Re2 26. Rd1 Nd4 27. cxd4 Rxd2 0-1

[Event "SVK-chT1E 1415"]
[Site "Slovakia"]
[Date "2015.02.28"]
[Round "8.4"]
[White "Koval, Anton"]
[Black "Trgina, Daniel"]
[Result "1/2-1/2"]
[WhiteElo "2170"]
[BlackElo "2203"]
[PlyCount "42"]
[EventDate "2014.10.18"]
[EventType "team-tourn"]
[EventRounds "11"]
[EventCountry "SVK"]
[SourceTitle "EXT 2016"]
[Source "ChessBase"]
[SourceDate "2015.10.08"]
[SourceVersion "1"]
[SourceVersionDate "2015.10.08"]
[SourceQuality "1"]
[WhiteTeam "Bardejov"]
[BlackTeam "Banska Bystrica CVC"]
[WhiteTeamCountry "SVK"]
[BlackTeamCountry "SVK"]

1. e4 c5 2. Nf3 Nc6 3. d4 cxd4 4. Nxd4 Nf6 5. Nc3 e5 6. Ndb5 d6 7. Bg5 a6 8. Bxf6 gxf6 9. Na3 b5 10. Nd5 Bg7 11. Bd3 Ne7 12. Nxe7 Qxe7 13. c4 f5 14. 0-0 0-0 15. Qh5 Rb8 16. exf5 e4 17. Rae1 Bb7 18. Qg4 Rfe8 19. cxb5 d5 20. Re3 Kh8 21. bxa6 Bc6 1/2-1/2